El presidente Loaysa, la Real Provición de Granada y las leyes nuevas / (Record no. 169330)
[ view plain ]
| 000 -LEADER | |
|---|---|
| campo de control de longitud fija | 00792nam a22001935i 4500 |
| 001 - NÚMERO DE CONTROL | |
| campo de control | 169330 |
| 003 - IDENTIFICADOR DE NÚMERO DE CONTROL | |
| campo de control | ES-MaACL |
| 005 - FECHA Y HORA DE LA ÚLTIMA TRANSACCIÓN | |
| campo de control | 20250808085335.0 |
| 008 - DATOS DE LONGITUD FIJA--INFORMACIÓN GENERAL | |
| campo de control de longitud fija | 080901s1970 sp |||| | spa d |
| 080 ## - NÚMERO DE LA CLASIFICACIÓN DECIMAL UNIVERSAL | |
| Número de la Clasificación Decimal Universal | 342.7(8=134.2)"15" |
| 100 1# - ENTRADA PRINCIPAL--NOMBRE DE PERSONA | |
| Nombre de persona | Pérez de Tudela y Bueso, Juan, |
| Fechas asociadas al nombre | 1922-2004 |
| 9 (RLIN) | 90810 |
| 245 13 - MENCIÓN DEL TÍTULO | |
| Título | El presidente Loaysa, la Real Provición de Granada y las leyes nuevas / |
| Mención de responsabilidad, etc. | [Juan Pérez de Tudela]. |
| 260 ## - PUBLICACIÓN, DISTRIBUCIÓN, ETC. | |
| Lugar de publicación, distribución, etc. | Valladolid : |
| Nombre del editor, distribuidor, etc. | Universidad de Valladolid, Seminario d Historia de América, |
| Fecha de publicación, distribución, etc. | 1970. |
| 300 ## - DESCRIPCIÓN FÍSICA | |
| Extensión | P. 49-60 ; |
| Dimensiones | 25 cm. |
| 595 ## - | |
| -- | Separata de: El Consejo de Las Indias en el Siglo XVI, nº 1 de la Serie Americanista "Bernal" |
| 650 04 - PUNTO DE ACCESO ADICIONAL DE MATERIA--TÉRMINO DE MATERIA | |
| Término de materia o nombre geográfico como elemento de entrada | Derecho colonial- |
| Subdivisión geográfica | América española |
| 9 (RLIN) | 11671 |
| 852 ## - LOCALIZACIÓN | |
| Ubicación | ES-MaACL |
| Número de control de estantería | 2233-F-25 |
| itemnumber | R.142457 |
| Estatus retirado | Estado de pérdida | Estado de daño | No para préstamo | Colección | Biblioteca de origen | Biblioteca actual | Ubicación en estantería | Fecha de adquisición | Fuente de adquisición | Total de préstamos | Signatura topográfica completa | Código de barras | Visto por última vez | Precio de reemplazo | Tipo de ítem Koha |
|---|---|---|---|---|---|---|---|---|---|---|---|---|---|---|---|
| Colección de folletos | Biblioteca del Ateneo de Madrid | Biblioteca del Ateneo de Madrid | Depósito folletos | 01/09/2008 | 2233-F-25 | 1177773 | 23/02/2023 | 23/02/2023 | Folleto |
